Tilastot visalle RIA-loppuiset valtiot

Klikkaa tästä pelataksesi tätä visaa!

Yleistilastot

  • Tätä visaa on pelattu 967 kertaa
  • Keskiarvotulos 3 / 5

Vastaustilastot

Valtio% Oikein
Algeria
76%
Bulgaria
67%
Nigeria
67%
Liberia
46%
Syyria
45%

Tulosjakauma

Persentiili vastausten määrän mukaan

Jokaisen tuloksen saaneiden osuus

Tuloshistoriasi

Et ole pelannut tätä visaa